header

Judgment misguided (Record no. 3742)

MARC details
000 -LEADER
fixed length control field 01189nam a2200301Ia 4500
100 1# - MAIN ENTRY--AUTHOR NAME
Personal name Baron, Jonathan,
245 10 - TITLE STATEMENT
Title Judgment misguided
260 ## - PUBLICATION, DISTRIBUTION, ETC. (IMPRINT)
Place of publication New York :
Name of publisher Oxford University Press,
Year of publication 1998.
300 ## - PHYSICAL DESCRIPTION
Number of Pages ix, 225 p.
650 #0 - SUBJECT ADDED ENTRY--TOPICAL TERM
Topical Term Public administration
Topical Term Policy sciences.
856 40 - ELECTRONIC LOCATION AND ACCESS
Uniform Resource Identifier http://site.ebrary.com/lib/rucke/Doc?id=10279019

No items available.

© 2026 Rongo University
Contact us: librarian | system librarian | Rongo university